000 00689nam a2200253Ia 4500
003 OSt
005 20220918194402.0
006 a|||||r|||| 00| 0
007 ta
008 220917b |||||||| |||| 00| 0 eng d
024 _a79,038
037 _cTextual
040 _aARTS
_cARTS
_beng
041 _2eng
_aeng
082 _aS:34:(X8), M1
100 _aLevi Lennart
_917643
245 0 _aPreventing work stress
260 _aPhilippines
_bAddison-Wesley
_c1981
300 _axviii,151p.
_ccm.
490 _aAddison-Wesley series on occupational series; 6
650 _aPSYCHOLOGY
942 _hS:34:(X8), M1
_cTEXL
_2CC
999 _c202815
_d202815